000 00519nam a2200181Ia 4500
005 20260415160317.0
008 008 250505s9999 xx 000 0 eng d
037 _aTextual
040 _aFEDL
_beng
_cFEDL
041 _aeng
_2eng
084 _a504 RID
_qFEDL
100 _aRidley G N
_9755575
245 0 _aMan: The verdict of science: science and superstition
260 _aLondon, UK
_bWatts and Co
_c1946
300 _a156p.
942 _cTEXL
_h504 RID
999 _c1321535
_d1321535